| 000 | 00832nam a2200229 a 4500 | ||
|---|---|---|---|
| 999 |
_c3950 _d3950 |
||
| 001 | 3950 | ||
| 003 | BD-JhCC | ||
| 005 | 20171119205545.0 | ||
| 008 | 171119s1367 ii |||| |||| 001 0 ben d | ||
| 035 | _a(BD-JhCC)3950 | ||
| 040 |
_aBD-JhCC _dBD-JhCC |
||
| 041 | _aben | ||
| 082 |
_a891.4409 _bBIS 1367 |
||
| 100 | _a বিশী, প্রমথনাথ | ||
| 245 |
_aরবীন্দ্রনাট্য প্রবাহ : _bগীতিনাট্য ।কাব্যনট্য । নৃত্যনাট্য । ঋতুনাট্য / _cপ্রমথনাথ বিশী. |
||
| 250 | _a3rd Edi. | ||
| 260 |
_aকলকাতা : _bওরিয়েন্ট বুক কোম্পানি, _c1367 |
||
| 300 |
_a182 p. : _c21 cm. |
||
| 650 | _aBengali Novel | ||
| 942 |
_2ddc _cBK |
||